00680nam a2200205 i 4500003000900000005001700009007000300026008004100029040003000070082001700100100004000117245009000157264006100247300002800308336002700336337003300363338002800396650002400424650002600448DO-SdBNP20241118104047.0ta210921b1958 sp r a 00| 0 enspa d aDO-SdBNPbspacBNPHUerda 4axxxbxxx222 aAlcina Franch, José,eautor4aut.10aAmérica en la época de Carlos V/cJosé Alcina Franch, Josefina Palop Martínez aMadrid :bEditora Instituto de Cultura Hispanica,c1958. a236 páginas ;c22 cm. atextobtxt2rdacontent asin mediaciónbn2rdamedia avolumenbnc2rdacarrier 4aCuentos dominicanos 4aLiteratura dominicana